Discusiones XI. El escepticismo en la interpretación de las normas / 1, 2012 :
Guardado en:
| Otros Autores: | , |
|---|---|
| Formato: | Seriadas |
| Idioma: | Spanish |
| Publicado: |
Bahía Blanca.
edi UNS,
2012 ;
|
| Materias: | |
| Etiquetas: |
Agregar Etiqueta
Sin Etiquetas, Sea el primero en etiquetar este registro!
|
| LEADER | 00570nas a22001695a 4500 | ||
|---|---|---|---|
| 001 | DER.der013606 | ||
| 005 | 20181227113653.0 | ||
| 008 | 180615s2012####ag#||#|||||||||###||spa|| | ||
| 022 | |a 15157326 | ||
| 100 | 1 | |a Bouvier, Hernán G. |4 drt | |
| 222 | 0 | |a Discusiones | |
| 245 | 1 | 0 | |a Discusiones XI. |n 1, 2012 : |b El escepticismo en la interpretación de las normas / |c dirigido por Hernán G. Bouvier. |
| 260 | |b edi UNS, |c 2012 ; |a Bahía Blanca. | ||
| 300 | |a 241 p. | ||
| 653 | |a FILOSOFIA DEL DERECHO | ||
| 700 | 1 | |a Arena, Federico José. |4 edt | |
| 859 | |a DERECHO |b BIB. DERECHO |h 340 |i DIS |p 008634 | ||
